01293nam a22002657a 4500001000700000003000800007005001700015008004100032035002000073040003500093041000800128082002600136100002900162245025800191260008000449300003600529502008600565504003300651650006100684700004600745700005900791942001300850999001700863952014700880 80984BD-RjUL20221218180329.0221218s2012 bg a|||| m||| 00| 0 eng d a(BD-RjUL) 80984 aBD-RjULbengcBD-RjULdBD-RjUL aeng 223a668.651bHAS 2012 aHasan, Md. Mahabub9635410aSynergism of some insecticides by piperonyl butoxide (PBO) and mcpa (4-Chloro-2-Methylphenoxy acetic ACID) against rhizopertha dominica (F.) /cBy Md. Mahabub Hasan ;6Supervisor : A.S.M. Shafiqur Rahman, Co-Supervisor : K.A.M. Shahadat Hossian, Mondal, aRajshahi :bInstitute of Biological Sciences, University of Rajshahi,c2012 av, 149 leaves :bill, ;c29.cm. aThesis (Ph. D.) -- Institute of Biological Sciences, University of Rajshahi, 2012 aReferences : Leaves 97 - 119 aInsecticidesvTechnology of other organic products96355 aRahman, A.S.M. Shafiqur, Supervisor96356 aMondal, K.A.M. Shahadat Hossian, Co-Supervisor 96357 2ddccTHE c80984d80984 102ddc40718THESESaRUCLbRUCLcDoc/Thed2013-10-09eController of Exam. R.U.l0oTHE 668.651 HAS 2012pD3477r2022-12-18 00:00:00tC-1yTHE